Anti-War Songs - Statistics

General Stats
  • This quiz has been taken 56 times
  • The average score is 8 of 23
Answer Stats
Year Artist Song % Correct
1994 The Cranberries Zombie
88%
1971 John Lennon Imagine
82%
1984 Bruce Springsteen Born in the U.S.A.
80%
1970 Edwin Starr War
76%
1969 Creedence Clearwater Revival Fortunate Son
57%
1970 Black Sabbath War Pigs
55%
1963 Bob Dylan Blowin' in the Wind
43%
1971 Marvin Gaye What's Going On
37%
1989 Metallica One
33%
1983 Nena 99 Luftballons
27%
1984 Frankie Goes to Hollywood Two Tribes
27%
1965 Barry McGuire Eve of Destruction
20%
1966 Buffalo Springfield For What It's Worth
20%
1969 Plastic Ono Band Give Peace a Chance
20%
1968 The Beatles Revolution
20%
1990 Guns N' Roses Civil War
16%
1964 Bob Dylan The Times They Are a-Changin'
16%
1973 Pink Floyd Us and Them
16%
1996 Rage Against the Machine Bulls on Parade
14%
1991 Michael Jackson Heal the World
14%
1992 Alice in Chains Rooster
14%
1965 The Animals We Gotta Get Out of This Place
12%
1971 Cat Stevens Peace Train
6%
No matching quizzes found
Score Distribution
Percent of People with Each Score
Percentile by Number Answered
Your Score History
You have not taken this quiz